Métodos fundamentales de economía matemática

Gorde:
Xehetasun bibliografikoak
Egile nagusia: Chiang, Alpha C (Egilea)
Formatua: Liburua
Hizkuntza:gaztelania
Argitaratua: Buenos Aires Amorrortu 1971
Saila:Biblioteca de Economía Política
Gaiak:
Etiketak: Etiketa erantsi
Etiketarik gabe, Izan zaitez lehena erregistro honi etiketa jartzen!

MARC

LEADER 00000nam a2200000 a 4500
001 UCT2846
003 CL-VaPUC
008 961018e19710000AG |||||||||||||||||spa|d
082 0 4 |a 330.154  |b CHI  |2 21 
100 0 |a Chiang, Alpha C  |e author  |9 371815 
245 1 0 |a Métodos fundamentales de economía matemática 
300 |a 801 p 
942 |c BK 
945 |d 19961018 00:00:00  |a nastorga 
260 |a Buenos Aires  |b Amorrortu  |c 1971 
650 0 |a Economía matemática  |9 270388 
650 0 |a Modelos económicos  |9 324997 
650 0 |a Álgebra   |x Matrices  |9 369268 
650 0 |a Estática  |9 260452 
650 0 |a Optimización  |9 339671 
650 0 |a Cálculo integral  |9 260103 
650 0 |a Ecuaciones diferenciales  |9 260083 
583 |a last modification  |c 19961018 00:00:00  |k Rodrigo Vera 
490 0 |a Biblioteca de Economía Política 
999 |c 252745  |d 252743 
952 |0 0  |1 0  |4 0  |6 330_154000000000000_CHI_1971  |7 0  |8 A  |9 272813  |a BIBENE  |b BIBENE  |d 2019-11-19  |i 323889K  |o 330.154 CHI 1971  |p 323889K  |r 2025-01-15  |w 2019-11-19  |y BK  |k ICO 
952 |0 0  |1 0  |4 0  |6 330_154000000000000_CHI_1971  |7 0  |8 A  |9 272814  |a BIBENE  |b BIBENE  |d 2019-11-19  |i 3276988  |o 330.154 CHI 1971  |p 3276988  |r 2025-01-15  |w 2019-11-19  |y BK  |k ICO 
952 |0 0  |1 0  |4 0  |6 330_154000000000000_CHI_1971  |7 0  |8 A  |9 272815  |a BIBGIM  |b BIBGIM  |d 2019-11-19  |i 1985809  |o 330.154 CHI 1971  |p 1985809  |r 2025-01-15  |w 2019-11-19  |y BK  |k COM 
952 |0 0  |1 0  |4 0  |6 330_154000000000000_CHI_1971  |7 0  |8 A  |9 272816  |a BIBGIM  |b BIBGIM  |d 2019-11-19  |i 198585K  |o 330.154 CHI 1971  |p 198585K  |r 2025-01-15  |w 2019-11-19  |y BK  |k COM